000
00226nam a2200085Ia 4500
008
211105s9999 xx 000 0 und d
020
_a
"
100
_a
WOODS, Stuart
_9
125975
245
4
_a
The prince of beverly Hills : [a novel]
999
_c
596191
_d
596190